A prescriȯ̂ e o direito do trabalho

Detalles Bibliográficos
Autor principal: Rossal de Araj︢o, Francisco
Otros Autores: Coimbra, Rodrigo
Formato: eBook
Lenguaje:portugués
Publicado: San Pablo: LTR, 2018
Materias:
Acceso en línea:Acceso restringido

MARC

LEADER 00000nam a22000007a 4500
005 20180928220736.0
007 cr|||| ||||
008 180928s2018 br |||||s|||| 00||0 por d
020 |a 978-85-361-9629-9 
035 |a 21956 
040 |a vLex 
090 |c 8156  |d 8156 
100 1 |a Rossal de Araj︢o, Francisco 
245 1 1 |a A prescriȯ̂ e o direito do trabalho  |h [Recurso electrn̤ico] /  |c Francisco Rossal de Araj︢o, Rodrigo Coimbra 
256 |a Servicio en ln̕ea 
260 |a San Pablo:  |b LTR,  |c 2018 
300 |a 1 recurso electrn̤ico 
506 1 |a Disponible solo en los productos indicados  |d vLex Global  |d vLex Global (Academic Edition, excluding Law Schools)  |d vLex Global (U.S. Academic Edition, Law Schools)  |d vLex Global (U.S. Academic Edition, excluding Law Schools)  |d vLex Global (Academic Edition, Law Schools) 
650 0 4 |a Derecho Laboral y Seguridad Social  |z Brasil 
700 1 |a Coimbra, Rodrigo 
740 0 |a vLex Libros (Servicio en ln̕ea) 
856 4 0 |u http://vlex.com/source/prescri-o-direito-trabalho-21956  |z Acceso restringido 
942 |c BOOK 
999 0 |a Labor law and social security